The Harry Potter 'Periodic Table' Quiz Stats

 Plays Quiz Updated Jan 30, 2018

Challenge
Share
Tweet
Score 0/132 Timer 20:00
12 Plays Today
% Correct
Harry
96.1%
Ron
95.1%
Hermione
93.8%
Ginny
92.2%
Dumbledore
91.9%
Draco
88.9%
Snape
88.6%
Fred
87.9%
George
87.8%
Voldemort
87%
Luna
85.7%
Neville
85.2%
Bill
83.2%
Lily
83.2%
Molly
82.7%
Hagrid
82.3%
Lucius
82%
Cho
81.7%
Goyle
81.2%
Fleur
80.9%
Prongs
80.6%
Arthur
80.6%
Tonks
80.5%
Crabbe
80.3%
Dobby
80%
Slytherin
79.9%
Ravenclaw
79.3%
Gryffindor
78.7%
Hufflepuff
78.6%
Percy
78.5%
Charlie
78.5%
Tom(Sr.)
78.4%
Vernon
78.4%
Dudley
78.4%
Petunia
78%
Cedric
77.7%
McGonagall
77.7%
Wormtail
76.5%
Narcissa
75.9%
Krum
75.2%
Padfoot
75%
Bellatrix
74.7%
Hedwig
74.6%
Flitwick
74.3%
% Correct
Nagini
74.1%
Quirrell
73.1%
Moony
72.9%
Umbridge
72.4%
Seamus
72.2%
Dean
71.6%
Sprout
68.7%
(N-H)Nick
68.1%
Aberforth
67.8%
Moody
67.6%
Katie
67.6%
Padma
66.4%
Xenophilius
66.2%
Aragog
66.2%
Parvati
66.1%
Fluffy
65.8%
Pansy
65.3%
Lavender
65.2%
Winky
65.1%
Fudge
65.1%
Kreacher
64.4%
Crookshanks
63.9%
Buckbeak
63.4%
Colin
63.2%
Slughorn
62.8%
Trelawney
62.5%
Grindelwald
62.2%
Lockhart
62.2%
(Bldy)Baron
61.2%
Maxime
61%
Karkaroff
60.3%
Justin
60.3%
Regulus
59.9%
(Grey)Lady
59.2%
Norbert
59.1%
Fang
59.1%
Filch
58.7%
Angelina
58.4%
Marvolo
58.3%
Diggory
58.1%
Pigwidgeon
57.9%
Wood
57%
Grawp
56.9%
Ernie
56.8%
% Correct
(Fat)Friar
56.2%
Trevor
56.2%
Yaxley
56.1%
Peeves
55.9%
Zabini
55.9%
Errol
55.8%
Kingsley
55.6%
Myrtle
54.6%
Fenrir
54.4%
Firenze
54.3%
Susan
53.2%
Hannah
52.8%
Fawkes
52.6%
Crouch(Sr.)
52.3%
Barty(Jr.)
52.2%
Ollivander
52%
Merope
51.8%
Binns
51.4%
Scrimgeour
49%
Alicia
48.9%
Jordan
48.5%
(Mrs)Norris
46.4%
Bagshot
46.4%
Hooch
45.1%
Pomfrey
44.8%
Dennis
44.6%
Smith
40.7%
Mundungus
37.5%
Griphook
36.6%
Rita
35.8%
Bagman
35.6%
Travers
34%
Terry
33.4%
Gregorovitch
32.4%
Michael
31.2%
Marcus
27.9%
Borgin
27.4%
Amelia
27.4%
Elphias
26.4%
Arabella
24.2%
Edgecombe
21.6%
Shunpike
21.5%
Goldstein
20.8%
Leanne
19.1%

You're not logged in!

Compare scores with friends on all Sporcle quizzes.
OR
Log In

You Might Also Like...

Show Comments

Extras

Top Quizzes Today


Score Distribution

Your Account Isn't Verified!

In order to create a playlist on Sporcle, you need to verify the email address you used during registration. Go to your Sporcle Settings to finish the process.

Report this User

Report this user for behavior that violates our Community Guidelines.

Details: